000 00462 a2200121 4500
090 _c6319
_d6319
100 _aM. Haider Raza
245 _aOptical wireless access architectures supporting bi-directional and multiband service transmission
_cM. Haider Raza
260 _aIslamabad:
_bNUST School of Electrical Engineering & Computer Science,
_c2008.
300 _axviii, 133 p. :
_bill. ;
_c27 cm.
500 _aSupervisor : Dr. S M H Zaidi.
942 _cPR
_kMS-IT- 6 HAI
999 _c10150
_d10150